000 00658cam a22002413a 4500
001 23714
003 PGUSA
005 20140828083515.0
008 071201s2007||||xxu|||||s|||||000 | eng d
040 _aPGUSA
_beng
042 _adc
050 4 _aQL
100 1 _aBurroughs, John,
_d1837-1921
245 1 0 _aSquirrels and other Fur-Bearers
_h[electronic resource] /
_cJohn Burroughs
260 _bProject Gutenberg,
_c2007
506 _aPublic domain in the USA.
516 _aElectronic text
653 _aAnimal behavior
653 _aMammals
830 0 _aProject Gutenberg
_v23714
856 4 0 _uhttp://www.gutenberg.org/ebooks/23714
942 _cEB
999 _c252969
_d252969